000 00559nam a2200193Ia 4500
003 GCL
008 140319s9999 xx 000 0 ara d
040 _aGCL /
_cGCL
082 0 4 _a833.03 رس
100 1 _aريمارك، اريك ماريا
245 1 0 _aالسماء لاتحابى احدا /
_cريمارك، اريك ماريا
700 1 _aالسيد وفائى
300 _a208 ص
490 _a
650 0 4 _aالادب الالمانى
650 0 4 _aالقصص الالمانية
650 0 4 _aالقصص المترجمة
942 _2ddc
_cBK
999 _c38624
_d38624